| 000 | 00424nam a2200157 a 4500 | ||
|---|---|---|---|
| 001 | 370 | ||
| 003 | CDMR | ||
| 005 | 20130328100829.0 | ||
| 008 | 130130s1976||||||||||||||||||||||||||||d | ||
| 020 | _a8430773215 | ||
| 040 |
_aCDMR _bcat _cCDMR |
||
| 100 | 1 |
_aRomeu, Xavier _9252 |
|
| 245 | 1 | 0 |
_aBreu diccionari ideològic _b: amb vocabulari català-castellà i castellà-català |
| 260 |
_aBarcelona _c1976 _bTeide |
||
| 942 |
_cMON _2udc |
||
| 999 |
_c370 _d370 |
||